Income transfer analysis /

Bibliographic Details
Main Author: Lewis, Gordon H.
Other Authors: Morrison, Richard J.
Format: Book
Language:English
Published: New York : Immergut & Siolek, [1987]
Subjects:

MARC

Tag First Indicator Second Indicator Subfields
LEADER 00000cam a22000008a 4500
001 in00000009153
005 20151007051502.0
008 861230s1987 nyua b 00110 eng
010 |a  86033744  
020 |a 0915163012 
035 |a (OCoLC)15084284 
035 |9 AAA3228AM 
040 |a DLC  |c DLC  |d m/c  |d TXA  |d UtOrBLW 
043 |a n-us--- 
049 |a TXAM  |c [A12636775] 
050 0 0 |a HC110.I5  |b L48 1987 
082 0 |a 362.5/82  |2 19 
100 1 |a Lewis, Gordon H. 
245 1 0 |a Income transfer analysis /  |c Gordon H. Lewis, Richard J. Morrison. 
264 1 |a New York :  |b Immergut & Siolek,  |c [1987] 
264 4 |c ©1987 
300 |a xx, 337 pages :  |b illustrations 
336 |a text  |b txt  |2 rdacontent 
337 |a unmediated  |b n  |2 rdamedia 
338 |a volume  |b nc  |2 rdacarrier 
504 |a Bibliography: pages 323-331. 
500 |a Includes index. 
650 0 |a Income maintenance programs  |z United States  |x Data processing. 
630 0 0 |a MAPSIT. 
700 1 |a Morrison, Richard J. 
999 |a MARS 
999 f f |s e0012654-19f2-36cb-9770-a6b0dab2efe9  |i 4b180880-9996-3ba6-a438-0ce8e07cc577  |t 0 
952 f f |p ric  |a Texas A&M University  |b Rellis Campus  |c Joint Library Facility  |d Remote Storage  |t 0  |e HC110.I5 L48 1987  |h Library of Congress classification  |i unmediated -- volume  |m A14812636775 
998 f f |a HC110.I5 L48 1987  |t 0  |l Remote Storage